| 000 | 00652nam a2200217 4500 | ||
|---|---|---|---|
| 003 | OSt | ||
| 005 | 20240626055755.0 | ||
| 006 | a | ||
| 008 | 240626b |||||||| |||| 00| 0 eng d | ||
| 020 | _a9789710111633 | ||
| 040 |
_aDWCL-Main lib. _cOC |
||
| 082 |
_2First edition _aFil. 331.21 V718g 2010 |
||
| 100 | _aVillanueva, Elvin B. | ||
| 245 | _aGuide on wage order and minimum wage / | ||
| 250 | _aFirst edition | ||
| 260 |
_aQuezon City : _bCentral Book Supply, Inc., _cc2010. |
||
| 300 |
_axviii, _b115 p. _c23 cm. |
||
| 650 | _a1. Salaries, wages, etc. | ||
| 650 | _a2. Wage-price policy. | ||
| 942 |
_2ddc _n0 _cBK - FIL _eFirst edition _kFil. |
||
| 999 |
_c1394 _d1394 |
||